| 000 | 00340nam a2200121Ia 4500 | ||
|---|---|---|---|
| 008 | 210430s9999 xx 000 0 und d | ||
| 082 | _a599.93 L669 H | ||
| 100 | _aRicki Lewis | ||
| 245 |
_aHuman Genetics Concepts and Applications _cRicki Lewis |
||
| 260 |
_aIslamabad _bNation Book Foundation _c2010 |
||
| 300 | _a448p. | ||
| 942 |
_cBK _2ddc |
||
| 999 |
_c562158 _d562158 |
||